000 00575nmm a22001577a 4500
003 OSt
005 20240516113823.0
006 eBook
008 240516b |||||||| |||| 00| 0 eng d
040 _cMRSPTU
100 _aGlen Arnold
245 _aThe Financial Times Handbook of Corporate Finance : A Business Companion to Financial Markets and Decisions
600 _2Management
856 _3Click here to access the e-book
_uhttps://ebookcentral.proquest.com/lib/gzsptuc/detail.action?docID=5174162&query=Financial+Times+Handbook+of+Corporate+Finance
942 _2ddc
_cEB
_n1
999 _c10295
_d10295